KOHA-Header-6

Objective Mathematics (Record no. 1930)

000 -LEADER
fixed length control field 00294nam a2200121Ia 4500
008 - FIXED-LENGTH DATA ELEMENTS--GENERAL INFORMATION
fixed length control field 190723s9999 xx 000 0 und d
020 ## - INTERNATIONAL STANDARD BOOK NUMBER
International Standard Book Number 81-219-4282-9
100 ## - MAIN ENTRY--PERSONAL NAME
Personal name R.S Aggarwal
245 #0 - TITLE STATEMENT
Title Objective Mathematics
260 ## - PUBLICATION, DISTRIBUTION, ETC. (IMPRINT)
Place of publication, distribution, etc New Delhi
Name of publisher, distributor, etc S.Chand Company
Date of publication, distribution, etc 219
300 ## - PHYSICAL DESCRIPTION
Extent 133.:p
942 ## - ADDED ENTRY ELEMENTS (KOHA)
Koha item type Books
Holdings
Withdrawn status Lost status Damaged status Not for loan Collection code Permanent Location Current Location Shelving location Date acquired Full call number Barcode Date last seen Price effective from Koha item type
        Mathematics MAJU MAJU Shelf No.B31 2019-07-23 519 8553 2019-07-23 2019-07-23 Mathematics

Powered by Koha